[Event "Zuerich Seniors op 08th"]
[Site "Zuerich"]
[Date "2010.01.25"]
[Round "1"]
[White "Arnold, Hermann"]
[Black "Stegmaier, Walter"]
[Result "1/2-1/2"]
[WhiteElo "1681"]
[BlackElo "1879"]
[PlyCount "53"]
[EventDate "2010.01.25"]
[EventType "swiss"]
[EventRounds "9"]
[EventCountry "SUI"]
[SourceTitle "EXT 2022"]
[Source "ChessBase"]
[SourceDate "2021.10.06"]
[SourceVersion "1"]
[SourceVersionDate "2021.10.06"]
[SourceQuality "1"]

1. e4 c5 2. f4 d6 3. Nf3 Nc6 4. c3 e6 5. d3 g6 6. Be2 Bg7 7. 0-0 Nge7 8. Nbd2 0-0 9. a4 b6 10. Rb1 Bd7 11. Nc4 Qc7 12. Na3 a6 13. Be3 d5 14. e5 Nf5 15. Bf2 h5 16. b4 Nce7 17. d4 cxb4 18. cxb4 Qc3 19. Qb3 Qxb3 20. Rxb3 Bxa4 21. Rb2 b5 22. Ra1 Rac8 23. g3 Rc6 24. Kg2 Nc8 25. Raa2 Nb6 26. Nd2 Nc4 27. Naxc4 1/2-1/2